Joint ventures in developing countries

Gespeichert in:
Bibliographische Detailangaben
Format: Buch
Sprache:Undetermined
Veröffentlicht: Paris International Chamber of Commerce 1969
Schlagworte:
Tags: Tag hinzufügen
Keine Tags, Fügen Sie den ersten Tag hinzu!
Thư viện lưu trữ: Trung tâm Học liệu Trường Đại học Cần Thơ
LEADER 00496nam a2200157Ia 4500
001 CTU_84886
008 210402s9999 xx 000 0 und d
082 |a 380 
082 |b J74 
245 0 |a Joint ventures in developing countries 
260 |a Paris 
260 |b International Chamber of Commerce 
260 |c 1969 
650 |a international business enterprises,joint ventures 
650 |x developing countries,developing countries 
980 |a Trung tâm Học liệu Trường Đại học Cần Thơ